Vplyv mobility pracovnej sily na rozvoj ekonomického potenciálu SR

Problematika kvalitnej pracovnej sily a mobility pracovnej sily. Nízka mobilita v SR. Mobilita pracovnej sily ako jeden z faktorov konkurencieschopnosti. Podpora mobility pracovnej sily. Vnútorná mobilita. Príspevok na sťahovanie za prácou. Podpora výstavby nájomných bytov v dynamicky sa rozvíjajúci...

Full description

Saved in:
Bibliographic Details
Main Author: Chandoga, Roman
Format: Book Chapter
Language:Slovak
Subjects:
Tags: Add Tag
No Tags, Be the first to tag this record!

MARC

LEADER 00000nla$a2200000$$$4500
001 0081989
005 20240502083218.7
041 0 |a slo 
044 |a CZ 
245 1 0 |a Vplyv mobility pracovnej sily na rozvoj ekonomického potenciálu SR  |c Roman Chandoga 
520 |a Problematika kvalitnej pracovnej sily a mobility pracovnej sily. Nízka mobilita v SR. Mobilita pracovnej sily ako jeden z faktorov konkurencieschopnosti. Podpora mobility pracovnej sily. Vnútorná mobilita. Príspevok na sťahovanie za prácou. Podpora výstavby nájomných bytov v dynamicky sa rozvíjajúcich regiónoch. Vonkajšia mobilita. 
610 2 0 |a sily pracovné 
610 2 0 |a pohyb síl pracovných 
610 2 0 |a práca 
610 2 0 |a kvalita 
610 2 0 |a podpory 
610 2 0 |a štát 
610 2 0 |a konkurencieschopnosť 
610 2 0 |a Slovensko 
100 1 |a Chandoga, Roman